Speech and law in a free society /

Bibliographic Details
Main Author: Haiman, Franklyn Saul
Format: Book
Language:English
Published: Chicago : University of Chicago Press, 1981.
Subjects:

MARC

Tag First Indicator Second Indicator Subfields
LEADER 00000pam a2200000 a 4500
001 in00000074961
005 20151008054836.0
008 810421s1981 ilu b 00110 eng
010 |a  81007546  
020 |a 0226312135 
035 |a (OCoLC)07554886 
035 |9 AAJ1837AM 
039 0 |a 2  |b 3  |c 3  |d 3  |e 3 
040 |a DLC  |c DLC  |d TXA  |d UtOrBLW 
043 |a n-us--- 
049 |a TXAM  |c [1361420] 
050 0 0 |a KF4772  |b .H345 
082 0 |a 342.73/0853  |a 347.302853  |2 19 
100 1 |a Haiman, Franklyn Saul. 
245 1 0 |a Speech and law in a free society /  |c Franklyn S. Haiman. 
264 1 |a Chicago :  |b University of Chicago Press,  |c 1981. 
300 |a x, 499 pages ;  |c 24 cm. 
336 |a text  |b txt  |2 rdacontent 
337 |a unmediated  |b n  |2 rdamedia 
338 |a volume  |b nc  |2 rdacarrier 
504 |a Includes bibliographical references and indexes. 
650 0 |a Freedom of speech  |z United States. 
999 |a MARS 
999 f f |s 8b879eb1-8a37-3e28-981a-babb65d36f24  |i 0c32ac45-f808-3482-936b-fe48712914ca  |t 0 
952 f f |p ric  |a Texas A&M University  |b Rellis Campus  |c Joint Library Facility  |d Remote Storage  |t 0  |e KF4772 .H345  |h Library of Congress classification  |i unmediated -- volume  |m A14806156424 
998 f f |a KF4772 .H345  |t 0  |l Remote Storage